00581 2200217 4500001002100000005001700021008004100038035002400079082001000103090001700113100001900130245006500149250001800214260002700232300002800259500002600287650001400313850001500327985000600342999001500348YOGYA-0209000002912520090227024308.0 ind  0010-020900000029125 a658.8 a658.8bSig P aSIGIT, Suhardi aPemasaran praktis=(Practical marketing)coleh Soehardi Sigit aEd. 3, cet. 1 aYogyakartabBPFEc1992 ax, 890 hlmbilusc23 cm aBibliografi : hlm. 89 aPemasaran aYOPDYOG(B) a1 a94P0052901